| 000 | 007300000a22002170004500 | ||
|---|---|---|---|
| 003 | dpl | ||
| 005 | 20081031093356.0 | ||
| 008 | 081031t xxu||||| |||| 00| 0 eng d | ||
| 010 | _aENG-84642 | ||
| 020 |
_a8170218586 _c169.00 (pbk) |
||
| 035 | _aEN-68175 | ||
| 040 | _cdpl | ||
| 082 | _a613 | ||
| 245 |
_aDo-it-yourself health: _b1001 tips you can use to feel better and stay well / _cedited by Robert Somerville |
||
| 260 |
_aNew Delhi _bHealth Harmony _c2004 |
||
| 300 |
_a398p _c22cm |
||
| 500 | _aIncludes index | ||
| 700 |
_aSomerville, Robert _ced |
||
| 942 |
_2ddc _cEN _h613 _mDOI |
||
| 999 |
_c17946 _d17946 |
||